Советские мультфильмы по картинкам 3.0 - Statistics

General Stats
  • This quiz has been taken 55 times
  • The average score is 3 of 16
Answer Stats
Picture Answer % Correct
Лиса и волк
66%
Серая шейка
53%
Катерок
45%
Лев и бык
28%
Федорино горе
23%
Русалочка
21%
Осенние корабли
15%
Вот так тигр!
13%
Аргонавты
13%
Топтыжка
13%
Снегурочка
13%
Шпионские страсти
11%
Академик Иванов
11%
Я жду птенца
9%
Похитители красок
6%
Тихая поляна
6%
No matching quizzes found
Score Distribution
Percent of People with Each Score
Percentile by Number Answered
Your Score History
You have not taken this quiz